000 00343nam a2200145Ia 4500
008 150201s2008 xx 000 0 und d
082 _a612.015
_bP08V
100 _aVOET&VOET
245 _aPRINCIPLES OF BIOCHEMISTRY
250 _a3RD
260 _bJOHNWILEY&SONS
_adelhi
_c2008
300 _a1-1099
650 _aBIOCHEMISTRY
942 _2ddc
_cBK
999 _c297
_d297